000 00377 a2200169 4500
001 192263
020 _a978-85-349-2546-4
040 _cMagnum
100 _aAlencar, Jakson Ferreira
240 1 0 _aBrincando com adivinhas
_lpor
245 1 0 _aBrincando com adivinhas
300 _a23
362 0 _a2006
440 1 _aPaulus
697 _aLITERATURA INFANTIL
942 _cBK
999 _c192263
_d192263